000 00696nam a2200253Ia 4500
003 OSt
005 20221006143625.0
006 a|||||r|||| 00| 0
007 ta
008 221006b |||||||| |||| 00| 0 eng d
020 _c60.00
024 _a9,480
037 _cTextual
040 _aEASL
_cEASL
_beng
041 _2eng
_aeng
082 _aX:5.560j49F.N12, L7
100 _aSAR DESAI D.R
_9650133
245 0 _aBritish trade and expansion in Southeast Asia 1830-1914
260 _aNew Delhi
_bAllied Publishers
_c1977
300 _a302p.
_ccm.
490 _v Oth
942 _hX:5.560j49F.N12, L7
_cTEXL
_2CC
999 _c1077566
_d1077566